Wordt geladen...
No easy answers : Teaching the learning disabled child /
| Hoofdauteur: | |
|---|---|
| Taal: | Undetermined |
| Gepubliceerd in: |
Massachusetts :
Winthrop Publishers ,
1979.
|
| LEADER | 00475nam a2200133Ia 4500 | ||
|---|---|---|---|
| 001 | 81976 | ||
| 008 | 170722s9999 xx 000 0 und d | ||
| 100 | |a Smith, Sally L. | ||
| 245 | |a No easy answers : |b Teaching the learning disabled child / | ||
| 260 | |a Massachusetts : |b Winthrop Publishers , |c 1979. | ||
| 300 | |a 250 p. |c 22.7cms | ||
| 942 | |c GEN | ||
| 999 | |c 98608 |d 98608 | ||
| 952 | |0 0 |1 0 |4 0 |6 T_16_L9 |7 0 |8 LC1 |9 138091 |a LIB |b LIB |d 2017-08-12 |h LC1 |o T1-6 L9 |p 183498 |r 2017-08-12 |v 0.00 |w 2017-08-12 |y GEN | ||